• 首页
  • 本馆介绍
  • 公告通知
  • 最新文献
  • 馆藏检索
  • 电子资源
  • 读者导购
  • 参考咨询
  • 我的图书馆
  • 登录
  • 详细信息显示
  • 放入我的书架
  • 预约/预借图书
  • 作者相关作品
  • 分类相关作品
  • 丛书相关作品
  • 出版社相关作品

书目信息

  • 表格格式
  • 工作单格式
  • 卡片格式
题名:
防火墙技术大全
    
 
作者: Keith E.Strassderg 著 ;李昂 译
分册:  
出版信息: 北京   机械工业出版社  2003.03
页数: 569页
开本: 24cm
丛书名: 网络防火墙信息安全技术丛书
单 册:
中图分类: TP393.08
科图分类:
主题词: 计算机应用
电子资源:
ISBN: 7-111-11524-4
000 00733nam0 2200229 450
001 0333818876
005 20031224092338.50
010    @a7-111-11524-4@dCNY59.00
100    @a20031224d2003 km y0chiy0120 ea
101 0  @achi
102    @aCN@b110000
200 1  @a防火墙技术大全@Afang huo qiang ji shu da quan@f(美)Keith E.Strassderg等著@F(mei)Keith E.Strassderg deng zhu@g李昂等译@Gli ang deng yi
210    @a北京@c机械工业出版社@d2003.03
215    @a569页@d24cm
225 2  @a网络防火墙信息安全技术丛书
410  0 @12001 @a网络防火墙信息安全技术丛书
606 0  @a计算机应用
690    @aTP393.08@v4
701  0 @aKeith E.Strassderg@4著
702  0 @a李昂@Ali ang@4译
801  0 @aCN@bPFT@c20031224
905    @aBZT@dTP393.08@e1@f3
    
    防火墙技术大全/(美)Keith E.Strassderg等著/李昂等译.-北京:机械工业出版社,2003.03
    569页;24cm.-(网络防火墙信息安全技术丛书)
    
    
    ISBN 7-111-11524-4:CNY59.00
    
●
相关链接 在五车中查询图书 在当当中查询图书 在豆瓣中查询图书


正题名:防火墙技术大全     索取号:TP393.08/1         预约/预借

序号 登录号 条形码 馆藏地/架位号 状态 备注
1 0349930   201335643   样本书库/样004架B面3层2列/ [索取号:TP393.08/1] 在馆    
2 0349931   201335652   中心书库中库/ 中库026架B面7列7层36/ [索取号:TP393.08/1] 在馆    
山东省滨州职业学院图书馆 欢迎您!
大连网信软件有限公司© 版权所有